| 000 | 00373nam a2200133 a 4500 | ||
|---|---|---|---|
| 001 | 4298 | ||
| 003 | CDMR | ||
| 005 | 20130116135254.0 | ||
| 008 | 130130s2005||||||||||||||||||||||||||||d | ||
| 040 |
_aCDMR _bcat _cCPC GIRONA |
||
| 245 | 0 |
_aDebat Costa Brava Congrés _bun futur sostenible |
|
| 260 |
_c2005 _bCol·legi d'Arquitectes de Catalunya, demarcació de Girona |
||
| 942 | _cMON | ||
| 999 |
_c4298 _d4298 |
||